[Event "Antalya"]
[Site "Antalya"]
[Date "2001.04.04"]
[Round "5"]
[White "Skembris, Spyridon"]
[Black "Mastrovasilis, Athanasios"]
[Result "1-0"]
[WhiteElo "2440"]
[BlackElo "2439"]
[PlyCount "89"]
[EventDate "2001.04.02"]
[Source "ChessBase"]
[SourceDate "2001.05.06"]

1. d4 Nf6 2. c4 e6 3. Nf3 a6 4. Nc3 c5 5. d5 b5 6. Bg5 b4 7. Ne4 d6 8. Nxf6+ gxf6 9. Bh4 Be7 10. e4 f5 11. Bxe7 Qxe7 12. exf5 exd5+ 13. Be2 Bxf5 14. cxd5 Rg8 15. O-O Bh3 16. Ne1 Qg5 17. Bf3 Nd7 18. Kh1 Bg4 19. Bxg4 Qxg4 20. f3 Qh5 21. a3 bxa3 22. Rxa3 Kf8 23. f4 Qf5 24. Nc2 Rb8 25. Ne3 Qf6 26. b3 Qb2 27. Rxa6 Rxb3 28. Ra8+ Nb8 29. Qc2 Qxc2 30. Nxc2 Kg7 31. Re1 Rd3 32. g4 Nd7 33. Ra6 Rxd5 34. Ne3 Rd3 35. Nf5+ Kf6 36. Nh6 Rb8 37. Ra7 Kg6 38. Rxd7 Kxh6 39. Rxf7 Kg6 40. Rfe7 Rf8 41. R1e6+ Rf6 42. f5+ Kg5 43. h4+ Kxg4 44. Rxf6 Kg3 45. Rfe6 1-0

[Event "New York"]
[Site "?"]
[Date "1983.??.??"]
[Round "2"]
[White "Blocker, C."]
[Black "Dzindzichasvili, R."]
[Result "0-1"]
[WhiteElo "2390"]
[BlackElo "2485"]
[PlyCount "53"]
[EventDate "1983.??.??"]
[Source "www.chesslib.no"]
[SourceDate "2004.05.04"]

1. d4 Nf6 2. c4 e6 3. Nf3 a6 4. Nc3 c5 5. d5 b5 6. Bg5 b4 7. Ne4 d6 8. Qa4+ Qd7 9. Qc2 Nxe4 10. Qxe4 f6 11. dxe6 Qc6 12. Qf5 fxg5 13. Nxg5 Ra7 14. Nf7 Rxf7 15. Qxf7+ Kd8 16. e3 Qc7 17. Qf5 Qe7 18. O-O-O Kc7 19. Be2 Qxe6 20. Qc2 Bb7 21. Bf3 Bxf3 22. gxf3 Nd7 23. Qe4 Qxe4 24. fxe4 Ne5 25. b3 Nc6 26. Rd5 Be7 27. Rf5 0-1

[Event "V Millennium Festival"]
[Site "Virginia Beach"]
[Date "2004.04.04"]
[Round "4"]
[White "Fedorowicz, John P"]
[Black "Smith, Bryan G"]
[Result "1-0"]
[WhiteElo "2515"]
[BlackElo "2354"]
[PlyCount "71"]
[EventDate "2004.04.02"]
[Source "Roberto Alvarez"]
[SourceDate "2004.04.05"]

1. d4 Nf6 2. c4 e6 3. Nf3 a6 4. Nc3 c5 5. d5 b5 6. Bg5 b4 7. Ne4 Be7 8. Bxf6 Bxf6 9. Qc2 O-O 10. e3 exd5 11. cxd5 d6 12. Bd3 g6 13. O-O Bg7 14. a3 Bb7 15. axb4 cxb4 16. Bc4 a5 17. Rfd1 Na6 18. Nd4 Bxd4 19. Rxd4 f5 20. Ng3 Nc5 21. Ne2 g5 22. Rdd1 Qf6 23. Nd4 Kh8 24. Nc6 Bxc6 25. dxc6 f4 26. exf4 Qxf4 27. b3 Ne4 28. Rd4 Qf6 29. Rad1 Nxf2 30. Rxd6 Qc3 31. Qxc3+ bxc3 32. Rc1 Ne4 33. Re6 Rae8 34. c7 Nc5 35. Rc6 Nd7 36. Ba6 1-0

[Event "HUN-chT 9798"]
[Site "Hungary"]
[Date "1997.??.??"]
[Round "?"]
[White "Farago, Ivan"]
[Black "Kustar, Sandor"]
[Result "1/2-1/2"]
[WhiteElo "2470"]
[BlackElo "2380"]
[PlyCount "39"]
[EventDate "1997.??.??"]
[Source "www.chesslib.no"]
[SourceDate "2004.05.04"]

1. d4 Nf6 2. c4 e6 3. Nf3 a6 4. Bg5 c5 5. dxc5 Bxc5 6. Nc3 Qb6 7. e3 Qxb2 8. Bxf6 gxf6 9. Ne4 Bb4+ 10. Ned2 Nc6 11. Be2 O-O 12. O-O Be7 13. Qa4 Qb4 14. Qc2 d6 15. Rab1 Qa5 16. Rb3 Rb8 17. Rfb1 Ne5 18. Nd4 Qc7 19. Qb2 f5 20. a4 1/2-1/2

[Event "BUL Ch"]
[Site "Sofia BUL"]
[Date "1985.??.??"]
[Round "10"]
[White "Peev, Peicho C"]
[Black "Inkiov, Ventzislav V"]
[Result "0-1"]
[WhiteElo "2370"]
[BlackElo "2480"]
[PlyCount "121"]
[EventDate "1985.??.??"]
[Source "www.chesslib.no"]
[SourceDate "2004.05.04"]

1. d4 Nf6 2. c4 e6 3. Nf3 a6 4. Bg5 c5 5. d5 h6 6. Bxf6 Qxf6 7. Nc3 d6 8. g3 e5 9. Bg2 g6 10. O-O Bg7 11. Qa4+ Nd7 12. b4 O-O 13. Ne4 Qe7 14. bxc5 dxc5 15. Rad1 f5 16. Ned2 e4 17. Ne1 Qd6 18. Nc2 Ne5 19. f3 exf3 20. exf3 Bd7 21. Qb3 b5 22. Ne3 Rab8 23. f4 Nf7 24. Kh1 Rfe8 25. Qd3 Re7 26. Rde1 Rbe8 27. Nc2 Rxe1 28. Rxe1 Rxe1+ 29. Nxe1 Qe7 30. Nc2 Nd6 31. cxb5 Bxb5 32. Qf3 c4 33. Bf1 c3 34. Nb3 Bxf1 35. Qxf1 Qe4+ 36. Qg2 Qd3 37. h4 Ne4 38. Kh2 h5 39. Nb4 Qc4 40. Nc2 Qxd5 41. Qe2 Nd2 42. Ne3 Qd6 43. Nxd2 Qxd2 44. Qxd2 cxd2 45. Kg2 Bd4 46. Nd1 Kf7 47. Kf3 Ke6 48. Ke2 Kd5 49. Kd3 a5 50. Kxd2 Kc4 51. Kc2 Kb4 52. Nb2 a4 53. Nd3+ Ka3 54. Kb1 Bg1 55. Ne5 Bf2 56. Nxg6 Bxg3 57. Ne7 Bxh4 58. Nxf5 Bf2 59. Nd6 Bg3 60. Nc4+ Kb4 61. Ne3 0-1

[Event "Podolsk"]
[Site "?"]
[Date "1991.??.??"]
[Round "?"]
[White "Savon, V."]
[Black "Knezevic, M."]
[Result "1/2-1/2"]
[WhiteElo "2460"]
[BlackElo "2390"]
[PlyCount "31"]
[EventDate "1991.??.??"]
[Source "www.chesslib.no"]
[SourceDate "2004.05.04"]

1. d4 Nf6 2. c4 e6 3. Nf3 a6 4. Nc3 Bb4 5. Qb3 c5 6. a3 Bxc3+ 7. Qxc3 cxd4 8. Nxd4 d5 9. Bg5 O-O 10. e3 dxc4 11. Bxc4 b5 12. Bd3 Bb7 13. Nf3 Nbd7 14. Rd1 Qb6 15. O-O Rac8 16. Qb4 1/2-1/2

[Event "Tatran Cup"]
[Site "Strbske Pleso"]
[Date "1978.??.??"]
[Round "5"]
[White "Moehring, Guenther"]
[Black "Peresipkin, Vladimir"]
[Result "1-0"]
[WhiteElo "2405"]
[BlackElo "2430"]
[PlyCount "75"]
[EventDate "1978.11.??"]
[Source "www.chesslib.no"]
[SourceDate "2004.05.04"]

1. d4 Nf6 2. c4 e6 3. Nf3 a6 4. Nc3 Bb4 5. e3 O-O 6. Bd3 d5 7. O-O dxc4 8. Bxc4 b5 9. Bd3 Bb7 10. Qe2 c5 11. dxc5 Nbd7 12. c6 Bxc6 13. Rd1 Qc7 14. Bd2 Bd6 15. Rac1 Qb7 16. Be1 Rac8 17. a4 Ne5 18. Nxe5 Bxe5 19. f4 Bxc3 20. Bxc3 Ne4 21. Bd4 Ra8 22. axb5 Bxb5 23. Qg4 g6 24. Bb1 Ba4 25. Re1 Bb3 26. Qh4 f5 27. Bxe4 fxe4 28. Rc3 Bd5 29. Rec1 Rf7 30. Qg5 Rf5 31. Qh4 Rf7 32. Qg5 Rf5 33. Qg3 e5 34. Bxe5 Bf7 35. Rc7 Qb5 36. Qh4 Qe8 37. Qh6 Rxe5 38. fxe5 1-0

[Event "SLO Cup"]
[Site "?"]
[Date "2001.??.??"]
[Round "?"]
[White "Cebalo Miso"]
[Black "Justin Matjaz"]
[Result "1-0"]
[WhiteElo "2470"]
[BlackElo "2365"]
[PlyCount "55"]
[EventDate "2001.??.??"]
[Source "www.chesslib.no"]
[SourceDate "2004.05.04"]

1. d4 Nf6 2. c4 e6 3. Nf3 a6 4. g3 c5 5. Bg2 b6 6. Nc3 cxd4 7. Nxd4 Ra7 8. O-O Be7 9. e4 d6 10. Be3 O-O 11. Qe2 Rc7 12. Rad1 Nfd7 13. f4 Bb7 14. f5 e5 15. f6 Nxf6 16. Nf5 Nbd7 17. Nxd6 Bxd6 18. Rxd6 Qa8 19. Rfd1 Bc6 20. b3 Qb7 21. Nd5 Bxd5 22. exd5 e4 23. Bd4 Re8 24. Rf1 Qb8 25. Rfxf6 Nxf6 26. Rxf6 gxf6 27. Qg4+ Kf8 28. Bxf6 1-0

[Event "FRA-ch playoff"]
[Site "?"]
[Date "1983.??.??"]
[Round "4"]
[White "Haik Aldo"]
[Black "Herb Pascal"]
[Result "1/2-1/2"]
[WhiteElo "2400"]
[BlackElo "2420"]
[PlyCount "76"]
[EventDate "1983.??.??"]
[Source "www.chesslib.no"]
[SourceDate "2004.05.04"]

1. d4 Nf6 2. c4 e6 3. Nf3 a6 4. g3 b5 5. Nbd2 Bb7 6. Bg2 Bb4 7. O-O Bxd2 8. Bxd2 bxc4 9. Qa4 Bc6 10. Qxc4 Bb5 11. Qc2 Bxe2 12. Rfe1 Bxf3 13. Bxf3 c6 14. Bb4 d5 15. Re3 Ra7 16. Rae1 Kd7 17. Rb3 Kc8 18. Ree3 Rb7 19. Rec3 Ne8 20. Be2 Nc7 21. a4 Qd7 22. Ba5 Na8 23. Rxc6+ Qxc6 24. Rc3 Kd7 25. Rxc6 Nxc6 26. Bc3 Nc7 27. Qd2 Rhb8 28. Qg5 g6 29. Qf6 Ke8 30. Qh8+ Ke7 31. Qxh7 Rxb2 32. Bxb2 Rxb2 33. Bd3 Rd2 34. Bxg6 Nd8 35. Qg7 Ne8 36. Qh7 Nf6 37. Qg7 Ne8 38. Qh7 Nf6 1/2-1/2

[Event "FRA-ch playoff"]
[Site "?"]
[Date "1983.10.28"]
[Round "5"]
[White "Haik Aldo"]
[Black "Herb Pascal"]
[Result "1/2-1/2"]
[WhiteElo "2400"]
[BlackElo "2420"]
[PlyCount "34"]
[EventDate "1983.??.??"]
[Source "www.chesslib.no"]
[SourceDate "2004.05.04"]

1. d4 Nf6 2. c4 e6 3. Nf3 a6 4. g3 b5 5. Nbd2 Bb7 6. Bg2 Bb4 7. Qb3 Nc6 8. O-O O-O 9. Qc2 bxc4 10. Nxc4 Be7 11. Bd2 a5 12. a3 Qb8 13. Rfe1 Qa7 14. Bc3 Qa6 15. Nce5 Nxe5 16. Nxe5 Bxg2 17. Kxg2 c5 1/2-1/2

[Event "FRA-ch playoff"]
[Site "?"]
[Date "1983.10.28"]
[Round "1"]
[White "Haik Aldo"]
[Black "Herb Pascal"]
[Result "1-0"]
[WhiteElo "2400"]
[BlackElo "2420"]
[PlyCount "91"]
[EventDate "1983.??.??"]
[Source "www.chesslib.no"]
[SourceDate "2004.05.04"]

1. d4 Nf6 2. c4 e6 3. Nf3 a6 4. g3 b5 5. Nbd2 Bb7 6. Bg2 Be7 7. O-O O-O 8. b3 d6 9. Qc2 Nbd7 10. e4 c6 11. Bb2 d5 12. e5 Ne8 13. c5 a5 14. a3 g6 15. Rfe1 Ng7 16. Rad1 Qc7 17. h4 a4 18. b4 Rae8 19. Nf1 Bc8 20. Bc1 f6 21. exf6 Bxf6 22. Bf4 e5 23. dxe5 Nxe5 24. Nd4 Ne6 25. Rxe5 Nxd4 26. Rxe8 Qxf4 27. Rxf8+ Kxf8 28. Qd3 Qf5 29. Qxf5 Bxf5 30. Ne3 Be6 31. Bf1 Nb3 32. Bd3 Bb2 33. Nc2 Bg4 34. f3 Be6 35. Kf1 Kf7 36. Kg2 Nc1 37. g4 h5 38. Kg3 Be5+ 39. f4 Nxd3 40. Rxd3 Bb2 41. f5 Be5+ 42. Kf2 gxf5 43. gxh5 Kf6 44. Nd4 Bd7 45. h6 Kg6 46. Nxb5 1-0

[Event "Miskolc Avas op"]
[Site "Miskolc"]
[Date "1998.??.??"]
[Round "5"]
[White "Kiss, Pal"]
[Black "Krutti, Valer"]
[Result "1-0"]
[WhiteElo "2440"]
[BlackElo "2370"]
[PlyCount "65"]
[EventDate "1998.09.??"]
[Source "www.chesslib.no"]
[SourceDate "2004.05.04"]

1. d4 Nf6 2. c4 e6 3. Nf3 a6 4. Nc3 c5 5. d5 exd5 6. Nxd5 Nxd5 7. Qxd5 Nc6 8. Bg5 Qb6 9. Ne5 Nxe5 10. Qxe5+ Qe6 11. Bf4 d6 12. Qxe6+ Bxe6 13. e4 Be7 14. O-O-O O-O-O 15. Be2 g5 16. Bg3 h6 17. b3 b6 18. h3 h5 19. Rd2 f6 20. h4 g4 21. Bf4 Kc7 22. g3 Bd7 23. f3 Bc6 24. fxg4 hxg4 25. Bxg4 Bxe4 26. Re1 f5 27. Bxf5 Bxf5 28. Rxe7+ Kc6 29. Rf7 Be6 30. Rf6 Rhe8 31. h5 d5 32. Re2 Kd7 33. cxd5 1-0

[Event "Shumen"]
[Site "Shumen"]
[Date "1988.??.??"]
[Round "?"]
[White "Vucic, Mladen"]
[Black "Tosic, Miroslav"]
[Result "0-1"]
[WhiteElo "2400"]
[BlackElo "2405"]
[PlyCount "74"]
[EventDate "1988.??.??"]
[Source "www.chesslib.no"]
[SourceDate "2004.05.04"]

1. d4 Nf6 2. c4 e6 3. Nf3 a6 4. Nc3 c5 5. d5 exd5 6. Nxd5 Nxd5 7. Qxd5 Nc6 8. Bd2 Be7 9. Bc3 O-O 10. e3 Nb4 11. Bxb4 cxb4 12. Bd3 d6 13. h4 Bf6 14. Nd4 Re8 15. O-O-O Re5 16. Qf3 h5 17. Qe2 Bd7 18. Kb1 Qb6 19. Qd2 Rae8 20. Rc1 g6 21. g3 Bg7 22. Rhd1 Bg4 23. Be2 Bf5+ 24. Bd3 Bc8 25. Qc2 Bd7 26. Rd2 Rc8 27. Qd1 a5 28. Ne2 a4 29. Nf4 a3 30. Nd5 Qc5 31. e4 Ree8 32. Qb3 axb2 33. Rxb2 Be6 34. Rd2 Bxd5 35. exd5 Ra8 36. Re2 Rxe2 37. Bxe2 Ra3 0-1

[Event "EU-ch 2nd"]
[Site "Ohrid"]
[Date "2001.06.12"]
[Round "11"]
[White "Kocovski, Ivan"]
[Black "Efimov, Igor"]
[Result "1-0"]
[WhiteElo "2324"]
[BlackElo "2480"]
[PlyCount "87"]
[EventDate "2001.06.01"]
[Source "ChessBase"]
[SourceDate "2001.09.13"]

1. d4 Nf6 2. c4 e6 3. Nf3 a6 4. Bg5 c5 5. d5 b5 6. e4 Qb6 7. Nc3 b4 8. Na4 Qa5 9. Bd3 d6 10. O-O Be7 11. a3 Nbd7 12. Bd2 Rb8 13. axb4 cxb4 14. Nd4 Ne5 15. Bf4 Bd7 16. Bxe5 dxe5 17. Nb3 Qc7 18. Qe2 O-O 19. Rfc1 a5 20. d6 Bxd6 21. c5 Be7 22. c6 Bxc6 23. Nac5 Ra8 24. Na6 Qb6 25. Nxa5 Bxe4 26. Bxe4 Nxe4 27. Rc6 Qxf2+ 28. Qxf2 Nxf2 29. Kxf2 Rfd8 30. Ke2 Rd5 31. Nb3 Rad8 32. Rc2 h5 33. Rd2 h4 34. Nc7 Rxd2+ 35. Nxd2 Rd7 36. Nb5 Rd5 37. Na7 Rc5 38. b3 f5 39. Nc4 e4 40. Ra6 Kf7 41. Nc6 Bf6 42. Nxb4 g5 43. Rc6 Rb5 44. Nd6+ 1-0

[Event "Havana-B"]
[Site "Havana"]
[Date "1985.??.??"]
[Round "2"]
[White "Zaltsman, Vitaly F"]
[Black "Ortega, Lexy"]
[Result "1/2-1/2"]
[WhiteElo "2410"]
[BlackElo "2385"]
[PlyCount "49"]
[EventDate "1985.05.??"]
[Source "ChessBase"]

1. d4 Nf6 2. c4 e6 3. Nf3 a6 4. Nc3 c5 5. d5 exd5 6. cxd5 b5 7. Bg5 d6 8. a4 b4 9. Ne4 Be7 10. Bxf6 Bxf6 11. Qc2 O-O 12. e3 b3 13. Qxb3 Nd7 14. Qc2 Rb8 15. Rb1 Nb6 16. Rd1 Bb7 17. Bc4 Nxc4 18. Qxc4 Bxb2 19. O-O Bc8 20. Rb1 Rb4 21. Qc2 Bf5 22. Nfd2 Be5 23. f4 Bf6 24. Rxb4 cxb4 25. Qc6 1/2-1/2

[Event "SUI-chT"]
[Site "SUI"]
[Date "1999.??.??"]
[Round "6.4"]
[White "Begovac, Franja"]
[Black "Herb, Pascal"]
[Result "1-0"]
[WhiteElo "2424"]
[BlackElo "2356"]
[PlyCount "49"]
[EventDate "1999.01.??"]
[Source "www.chesslib.no"]
[SourceDate "2004.05.04"]

1. d4 Nf6 2. c4 e6 3. Nf3 a6 4. Nc3 d5 5. cxd5 exd5 6. Bg5 Be7 7. e3 O-O 8. Qc2 Nbd7 9. Bd3 Re8 10. O-O g6 11. h3 Nf8 12. Ne5 Ne6 13. f4 c5 14. Bxf6 Bxf6 15. f5 Ng5 16. fxg6 hxg6 17. Bxg6 Be6 18. Bxf7+ Bxf7 19. Nxf7 Kxf7 20. Qf5 Ne4 21. Nxd5 Rc8 22. Rf4 Rc6 23. Rxe4 Rxe4 24. Qxe4 cxd4 25. exd4 1-0

[Event "Biel op"]
[Site "Biel"]
[Date "1990.??.??"]
[Round "8"]
[White "Mozny, Milos"]
[Black "Vehi Bach, Victor Manuel"]
[Result "1/2-1/2"]
[WhiteElo "2375"]
[BlackElo "2400"]
[PlyCount "94"]
[EventDate "1990.07.??"]
[Source "www.chesslib.no"]
[SourceDate "2004.05.04"]

1. d4 Nf6 2. c4 e6 3. Nf3 a6 4. g3 c5 5. Bg2 cxd4 6. Nxd4 Qc7 7. O-O Qxc4 8. Nc3 Qc7 9. Be3 Nc6 10. Rc1 Be7 11. Qa4 O-O 12. b4 Qb8 13. a3 Nxd4 14. Bxd4 d5 15. e4 dxe4 16. Nxe4 Nd5 17. Nc3 Nf6 18. Qa5 Bd8 19. Bb6 Bd7 20. Rfd1 Bc6 21. Bxd8 Rxd8 22. Rxd8+ Qxd8 23. Qxd8+ Rxd8 24. Bxc6 bxc6 25. Na4 Kf8 26. Rxc6 Rd3 27. Rxa6 Rxa3 28. b5 Rb3 29. b6 Nd7 30. Ra7 Ke8 31. Kg2 Rb5 32. b7 Kd8 33. Nc3 Rb4 34. h4 Nb8 35. Na4 Rb5 36. Nc3 Rb4 37. Na4 Kc7 38. Nc5 Rb5 39. Ne4 h6 40. g4 f5 41. gxf5 Rxf5 42. Ra3 Rf4 43. Rc3+ Kxb7 44. Nc5+ Kb6 45. Nxe6 Rxh4 46. Rb3+ Ka7 47. Nxg7 Nc6 1/2-1/2

[Event "Prague"]
[Site "Prague"]
[Date "1983.??.??"]
[Round "8"]
[White "Pekarek, Ales"]
[Black "Knezevic, Milorad"]
[Result "1-0"]
[WhiteElo "2335"]
[BlackElo "2440"]
[PlyCount "89"]
[EventDate "1983.01.??"]
[Source "ChessBase"]

1. d4 Nf6 2. c4 e6 3. Nf3 a6 4. g3 b5 5. Bg2 Bb7 6. O-O Be7 7. b3 O-O 8. Bb2 bxc4 9. bxc4 d6 10. Nc3 Nbd7 11. Qd3 Rb8 12. Rab1 Bxf3 13. Bxf3 c5 14. e3 Qc7 15. Rfc1 Rb6 16. Ba1 Rfb8 17. Bd1 Rxb1 18. Nxb1 e5 19. Nd2 Qa5 20. Qc2 Bf8 21. Bc3 Qc7 22. dxe5 dxe5 23. Bf3 Qd6 24. Ne4 Qe6 25. Qd3 Nxe4 26. Qxe4 Rb6 27. Rd1 Rd6 28. Rxd6 Qxd6 29. Kg2 g6 30. Qd5 Qxd5 31. Bxd5 Bd6 32. Bb7 Nb8 33. g4 Kf8 34. Kf3 Ke7 35. Ke4 Nd7 36. g5 f5+ 37. gxf6+ Nxf6+ 38. Kf3 e4+ 39. Kg2 Ng4 40. h3 Be5 41. Ba5 Nf6 42. Bxa6 Ne8 43. Bb7 Nd6 44. Bd5 g5 45. Bb6 1-0

[Event "Nikea op"]
[Site "Nikea"]
[Date "1985.??.??"]
[Round "?"]
[White "Grivas, Efstratios"]
[Black "Skalkotas, Nikolaos"]
[Result "1-0"]
[WhiteElo "2400"]
[BlackElo "2375"]
[PlyCount "32"]
[EventDate "1985.08.??"]
[Source "ChessBase"]

1. d4 Nf6 2. c4 e6 3. Nf3 a6 4. Nc3 c5 5. g3 b5 6. cxb5 axb5 7. Nxb5 Qa5+ 8. Nc3 Bb7 9. Bg2 Ne4 10. O-O Nxc3 11. bxc3 Qxc3 12. Be3 Na6 13. dxc5 Nxc5 14. Rb1 Bxf3 15. Bxf3 Rd8 16. Qc1 Qa3 1-0

[Event "Zalakaros Open"]
[Site "Zalakaros"]
[Date "1995.??.??"]
[Round "7"]
[White "Krutti, Valer"]
[Black "Kislov, Sergey"]
[Result "1-0"]
[WhiteElo "2415"]
[BlackElo "2355"]
[PlyCount "89"]
[EventDate "1995.??.??"]
[Source "www.chesslib.no"]
[SourceDate "2004.05.04"]

1. d4 Nf6 2. c4 e6 3. Nf3 a6 4. g3 c5 5. Bg2 cxd4 6. O-O Qc7 7. Qxd4 Nc6 8. Qd3 Be7 9. a3 O-O 10. b4 d5 11. cxd5 Nxd5 12. e4 Nb6 13. Be3 Bf6 14. Ra2 Rd8 15. Qb3 e5 16. Bxb6 Qxb6 17. Nc3 Ne7 18. Nd2 Be6 19. Nd5 Qd4 20. Nc4 Nxd5 21. exd5 Bxd5 22. Bxd5 Qxd5 23. Rd2 Qe6 24. Rfd1 Rd4 25. Rxd4 exd4 26. Na5 b6 27. Qf3 Rd8 28. Nb3 h5 29. Rd3 g6 30. Nd2 Re8 31. Kg2 Kg7 32. h3 b5 33. Nb3 Rd8 34. Nc5 Qb6 35. Qe4 Rd6 36. Rf3 Qc6 37. Qd3 Qd5 38. Kg1 Rc6 39. Rf4 Be5 40. Re4 f5 41. Re1 Kf7 42. Qe2 Bf6 43. Qe8+ Kg7 44. Ne6+ Rxe6 45. Qxe6 1-0

[Event "ARG Ch 60th"]
[Site "Buenos Aires ARG"]
[Date "1986.??.??"]
[Round "11"]
[White "Bielicki, Carlos"]
[Black "Ricardi, Pablo"]
[Result "0-1"]
[WhiteElo "2245"]
[BlackElo "2520"]
[PlyCount "92"]
[EventDate "1986.??.??"]
[Source "www.chesslib.no"]
[SourceDate "2004.05.04"]

1. d4 Nf6 2. c4 e6 3. Nf3 a6 4. Nc3 c5 5. d5 b5 6. Bg5 b4 7. Ne4 Be7 8. Nxf6+ Bxf6 9. Qd2 O-O 10. O-O-O d6 11. dxe6 Bxe6 12. Bxf6 Qxf6 13. Qxd6 Nd7 14. e3 a5 15. Qf4 b3 16. a3 Qxf4 17. exf4 Nb6 18. Ng5 Bxc4 19. Bxc4 Nxc4 20. Ne4 Rfd8 21. Rhe1 f6 22. g3 Rd4 23. Nd2 a4 24. Ne4 Rad8 25. Nc3 Kf7 26. f5 Ne5 27. Re2 Nd3+ 28. Kb1 Nxb2 29. Rxd4 cxd4 30. Kxb2 dxc3+ 31. Kxc3 Rd5 32. g4 h5 33. h3 Rd1 34. Kb2 Rh1 35. gxh5 Rxh3 36. Re4 Rxh5 37. Rxa4 Rxf5 38. f4 Rb5 39. Ra7+ Kg6 40. f5+ Rxf5 41. Kxb3 Re5 42. Kc4 f5 43. Kd4 Re1 44. Rc7 f4 45. Rc2 Kf5 46. Ra2 f3 0-1

[Event "POL Team Ch"]
[Site "Mikolajki"]
[Date "1991.??.??"]
[Round "3"]
[White "Nowak, Ignacy"]
[Black "Adamski, Jan"]
[Result "1/2-1/2"]
[WhiteElo "2400"]
[BlackElo "2365"]
[PlyCount "42"]
[EventDate "1991.??.??"]
[Source "www.chesslib.no"]
[SourceDate "2004.05.04"]

1. d4 Nf6 2. c4 e6 3. Nf3 a6 4. Nc3 c5 5. e3 b6 6. Bd3 Bb7 7. O-O d6 8. b3 Nbd7 9. Bb2 g6 10. Qe2 Bg7 11. Rfd1 O-O 12. a3 Re8 13. b4 cxd4 14. exd4 e5 15. dxe5 Nxe5 16. Nxe5 Rxe5 17. Qd2 Ng4 18. h3 Qh4 19. Bf1 Rf5 20. g3 Ne5 21. Qe2 Qe7 1/2-1/2

[Event "Hradec Kralove"]
[Site "Hradec Kralove CZE"]
[Date "1988.??.??"]
[Round "3"]
[White "Bus, Mariusz"]
[Black "Efimov, Igor"]
[Result "1/2-1/2"]
[WhiteElo "2355"]
[BlackElo "2405"]
[PlyCount "128"]
[EventDate "1988.??.??"]
[Source "www.chesslib.no"]
[SourceDate "2004.05.04"]

1. d4 Nf6 2. c4 e6 3. Nf3 a6 4. Nc3 c5 5. e3 b6 6. Be2 Bb7 7. O-O d6 8. a3 Nbd7 9. b4 Qc7 10. Qb3 Rc8 11. Nd2 Be7 12. Bb2 d5 13. cxd5 exd5 14. bxc5 bxc5 15. Na4 c4 16. Qc2 O-O 17. Bc3 a5 18. Rfb1 Bc6 19. Bd1 Rb8 20. Qa2 Bb5 21. Qc2 Bd6 22. h3 Rfe8 23. Nb2 Nf8 24. Qc1 Ne6 25. Ba4 Ng5 26. Bxb5 Rxb5 27. Na4 Rxb1 28. Qxb1 Qd7 29. Qd1 Nfe4 30. Nxe4 Nxe4 31. Be1 Rb8 32. f3 Nf6 33. Bxa5 Qe7 34. Qc1 Rb3 35. Bc3 Bxa3 36. Qd2 h6 37. Nc5 Bxc5 38. dxc5 Qxc5 39. Ra8+ Kh7 40. Qc2+ Ne4 41. Bd4 Qc6 42. Ra7 Kg8 43. fxe4 dxe4 44. Ra5 Rd3 45. Rc5 Qg6 46. Rxc4 Qg3 47. Qe2 Kh7 48. Rc1 f5 49. Qf2 Qxf2+ 50. Kxf2 Rd2+ 51. Kg3 g5 52. Rc7+ Kg6 53. Rc6+ Kh7 54. Rf6 f4+ 55. Kg4 fxe3 56. Bxe3 Rxg2+ 57. Kf5 Rg3 58. Bd4 Rf3+ 59. Kg4 Rxf6 60. Bxf6 Kg6 61. Bd4 h5+ 62. Kg3 Kf5 63. Kf2 h4 64. Be3 g4 1/2-1/2

[Event "Balatonbereny Open"]
[Site "Balatonbereny HUN"]
[Date "1993.??.??"]
[Round "7"]
[White "Berebora, Ferenc"]
[Black "Kustar, Sandor"]
[Result "1/2-1/2"]
[WhiteElo "2425"]
[BlackElo "2335"]
[PlyCount "40"]
[EventDate "1993.09.??"]
[Source "www.chesslib.no"]
[SourceDate "2004.05.04"]

1. d4 Nf6 2. c4 e6 3. Nf3 a6 4. Nc3 c5 5. d5 exd5 6. cxd5 b5 7. Bg5 h6 8. Bxf6 Qxf6 9. e4 d6 10. Qc2 Nd7 11. a4 b4 12. Nd1 g6 13. Ne3 Bg7 14. Rb1 O-O 15. Bd3 Re8 16. O-O Rb8 17. b3 Qd8 18. Nc4 Nb6 19. Nfd2 Nxc4 20. Nxc4 Rb7 1/2-1/2

[Event "Dreszer Memorial"]
[Site "Gdynia POL"]
[Date "1987.??.??"]
[Round "10"]
[White "Szymczak, Zbigniew"]
[Black "Stratil, Ladislav jr"]
[Result "1/2-1/2"]
[WhiteElo "2390"]
[BlackElo "2370"]
[PlyCount "30"]
[EventDate "1987.??.??"]
[Source "www.chesslib.no"]
[SourceDate "2004.05.04"]

1. d4 Nf6 2. c4 e6 3. Nf3 a6 4. e3 c5 5. Nc3 b6 6. Be2 d6 7. O-O Nbd7 8. b3 Bb7 9. Bb2 Be7 10. Qc2 O-O 11. Rac1 h6 12. Rfe1 Qc7 13. e4 cxd4 14. Nxd4 Rfe8 15. Bf1 Bf8 1/2-1/2

[Event "Buenos Aires ARG"]
[Site "?"]
[Date "2006.03.29"]
[Round "9.12"]
[White "Perdomo Leandro"]
[Black "Rosito Jorge"]
[Result "0-1"]
[WhiteElo "2343"]
[BlackElo "2416"]
[PlyCount "88"]
[EventDate "2006.??.??"]
[Source "www.chesslib.no"]
[SourceDate "2004.05.04"]

1. d4 Nf6 2. c4 e6 3. Nf3 a6 4. g3 b5 5. Nbd2 Bb7 6. Bg2 c5 7. dxc5 Bxc5 8. O-O bxc4 9. Nxc4 d5 10. Nce5 O-O 11. b3 Ne4 12. Bb2 Nd7 13. Rc1 Rc8 14. e3 Nxe5 15. Nxe5 Qe7 16. Qe2 f6 17. Nd3 Bd6 18. Bh3 Ng5 19. Bg2 e5 20. h4 Ne4 21. Bh3 f5 22. Rxc8 Bxc8 23. Rc1 Bd7 24. Bg2 Bb5 25. a4 Bd7 26. f4 Nxg3 27. Bxd5+ Kh8 28. Qg2 exf4 29. Re1 fxe3 30. h5 h6 31. Bd4 f4 32. b4 Bg4 33. Bc5 Bxc5 34. bxc5 Qg5 35. Bb7 f3 36. Qxg3 f2+ 37. Kg2 fxe1=N+ 38. Nxe1 Qxh5 39. Qxe3 Re8 40. Qg3 Re2+ 41. Kf1 Qxc5 42. Nd3 Qf5+ 43. Kg1 Bh3 44. Nf2 Qb1+ 0-1

[Event "HUN-chT2 9394"]
[Site "HUN"]
[Date "1994.??.??"]
[Round "?"]
[White "Sinkovics, Peter"]
[Black "Kustar, Sandor"]
[Result "1/2-1/2"]
[WhiteElo "2395"]
[BlackElo "2360"]
[PlyCount "24"]
[EventDate "1993.??.??"]
[Source "www.chesslib.no"]
[SourceDate "2004.05.04"]

1. d4 Nf6 2. c4 e6 3. Nf3 a6 4. Bg5 c5 5. e3 Be7 6. Nc3 O-O 7. Bd3 cxd4 8. exd4 b6 9. O-O Bb7 10. Qe2 d6 11. Rfd1 Nbd7 12. Rac1 d5 1/2-1/2

[Event "Biel op"]
[Site "Biel"]
[Date "1992.??.??"]
[Round "1"]
[White "Oliver Martinez Fornes, Carles"]
[Black "Gurevich, Dmitry"]
[Result "0-1"]
[WhiteElo "2265"]
[BlackElo "2490"]
[PlyCount "68"]
[EventDate "1992.07.??"]
[Source "ChessBase"]

1. d4 Nf6 2. c4 e6 3. Nf3 a6 4. g3 c5 5. Bg2 cxd4 6. O-O Qc7 7. Qxd4 Nc6 8. Qf4 Bd6 9. Qh4 Be7 10. Nc3 d6 11. Qf4 Ne5 12. b3 Ng6 13. Qd4 Rb8 14. Bb2 b5 15. cxb5 axb5 16. Rac1 Qd7 17. h4 Bb7 18. Rfd1 O-O 19. Ng5 Bxg2 20. Kxg2 b4 21. Na4 e5 22. Qd3 Rb5 23. f3 Nh5 24. Nh3 d5 25. Kh2 Bxh4 26. g4 Bg3+ 27. Kh1 e4 28. Qxe4 Bb8 29. Qd4 Re8 30. Rc2 Ng3+ 31. Kg2 Nh4+ 32. Kg1 Ba7 33. Nc5 Bxc5 34. Rxc5 Nxe2+ 0-1

[Event "New York op"]
[Site "New York"]
[Date "1991.??.??"]
[Round "4"]
[White "Kraai, Jesse"]
[Black "Gurevich, Dmitry"]
[Result "0-1"]
[WhiteElo "2290"]
[BlackElo "2460"]
[PlyCount "52"]
[EventDate "1991.03.??"]
[Source "ChessBase"]

1. d4 Nf6 2. c4 e6 3. Nf3 a6 4. Bg5 c5 5. d5 exd5 6. cxd5 d6 7. a4 Be7 8. Nc3 O-O 9. e4 Bg4 10. Bf4 Nbd7 11. Be2 Bxf3 12. Bxf3 Rb8 13. O-O Ne8 14. Be2 Bf6 15. Qc2 Bd4 16. Rab1 Qc7 17. Nd1 Nef6 18. Bf3 Rfe8 19. Re1 Nxd5 20. Bg3 Nb4 21. Qd2 Ne5 22. Be2 g6 23. Kh1 h5 24. f4 Nec6 25. Bf3 Bg7 26. f5 Nd4 0-1